000
00315nam a22001337a 4500
008
171101b xxu||||| |||| 00| 0 eng d
020
_a
9780226032122
041
_a
eng
080
_a
33
100
_a
59
101
_a
BUS
245
_a
CORPORATE TAKEOVERS CAUSES AND CONSEQUESNCES
_c
ALAN.J.A
942
_2
udc
_c
BK
999
_c
37013
_d
37013